000 00324nam a22001217a 4500
020 _a0-02-946518-4
082 _a621.31042 HUB'E
100 _aHUBERT, C. I
_957278
245 _aELECTRIC MACHINES, THEORY OPERATIONS PPLICATIONS ADJUSTMENT AND CONTROL
260 _aNEWYORK
_bMACMILLAN
_c1991
300 _a556P
942 _cBK
999 _c575176
_d575176